Logo BPK

Biblioteka

Politechniki Koszalińskiej

Wielka encyklopedia geografii świata. (Rekord nr 31898)

Szczegóły MARC
000 -ETYKIETA REKORDU
podpole kontrolne o stałej długości 00860nam a2200265 i 4500
001 - NUMER KONTROLNY REKORDU
pole kontrolne bg
020 ## - MIĘDZYNARODOWY ZNORMALIZOWANY NUMER KSIĄŻKI - ISBN
ISBN 8386600373 (całość)
020 ## - MIĘDZYNARODOWY ZNORMALIZOWANY NUMER KSIĄŻKI - ISBN
ISBN 838660087X (t.7)
040 ## - ŹRÓDŁO KATALOGOWANIA
Instytucja, która utworzyła rekord BPK
041 0# - KOD JĘZYKA
Kod języka tekstu pl
080 ## - UNIWERSALNA KLASYFIKACJA DZIESIĘTNA - UKD
UKD 91:581.9](100)(03)
920 ## - Międzynarodowy znormalizowany numer książki – ISBN
ISBN 83-86600-37-3 (całość)
920 ## - Międzynarodowy znormalizowany numer książki – ISBN
ISBN 83-86600-87-X (t.7)
008 - POLE O STAŁEJ DŁUGOŚCI - DANE KONTROLNE
podpole kontrolne o stałej długości s pl f |000 0 pol
245 00 - TYTUŁ/ODPOWIEDZIALNOŚĆ
Tytuł Wielka encyklopedia geografii świata.
Oznaczenie części/sekcji dzieła T. 7,
Tytuł części/sekcji dzieła Szata roślinna Ziemi /
Pozostałe elementy strefy tytułu i oznaczenia odpowiedzialności [aut. tomu] Zbigniew Podbielkowski ; kom. nauk. Andrzej Kostrzewski [et al.].
260 ## - STREFA ADRESU WYDAWNICZEGO
Miejsce wydania Poznań :
Nazwa wydawcy/dystrybutora Wydaw. Kurpisz,
Data publikacji, dystrybucji/powstania dokumentu 1997.
300 ## - STREFA OPISU FIZYCZNEGO
Objętość 359,[1] s. :
Inne cechy fizyczne fot., rys. kolor. ;
Rozmiary 30 cm.
504 ## - UWAGA DOTYCZĄCA BIBLIOGRAFII
Informacje o bibliografii Bibliogr. s. 349. - Indeks.
650 #9 - HASŁO PRZEDMIOTOWE W FORMIE NAZWY OGÓLNEJ LUB JEDNOSTKOWEJ
Nazwa ogólna lub geograficzna Geografia
650 #9 - HASŁO PRZEDMIOTOWE W FORMIE NAZWY OGÓLNEJ LUB JEDNOSTKOWEJ
Nazwa ogólna lub geograficzna Rośliny
Określnik ogólny geografia
655 ## - TERMIN INDEKSOWY - OKREŚLENIE RODZAJU/FORMY DOKUMENTU
Określenie rodzaju/formy dokumentu Encyklopedie
700 1# - HASŁO DODATKOWE - NAZWA OSOBOWA
Nazwa osobowa KOSTRZEWSKI, Andrzej.
Określenie związku między hasłem a opisywanym materiałem Red.
700 1# - HASŁO DODATKOWE - NAZWA OSOBOWA
Nazwa osobowa PODBIELKOWSKI, Zbigniew.
856 ## - LOKALIZACJA I DOSTĘP DO ELEKTRONICZNYCH DOKUMENTÓW ZDALNYCH
Link (URL) http://koha.tu.koszalin.pl/cgi-bin/koha/opac-detail.pl?biblionumber=31898
Tekst linku Katalog online BPK
942 ## - DODATKOWE ELEMENTY (KOHA)
Typ dokumentu Książka
Egzemplarze
Wycofany Status egzemplarza Uszkodzony Dostępność Lokalizacja stała Lokalizacja bieżąca Miejsce przechowywania Sygnatura Kod kreskowy Dział Typ dokumentu
      Tylko na miejscu Biblioteka Politechniki Koszalińskiej Biblioteka Politechniki Koszalińskiej Czytelnia BG 39840 01255287 91 Geografia Książka
© 2023 Biblioteka Politechniki Koszalińskiej :: KOHA